| 000 | 01046njm a22002657a 4500 | ||
|---|---|---|---|
| 005 | 20100908144733.0 | ||
| 007 | sd ammalaaahaa | ||
| 008 | 100901t xxu||||| |||| 00| 0 hin d | ||
| 028 |
_aN.54919 _bHis Master's Voice |
||
| 028 |
_aOJE.23679 _bHis Master's Voice |
||
| 035 | _aGR-01250 | ||
| 040 | _aSED/VEN | ||
| 100 |
_917815 _aRafi, Mohd. |
||
| 245 |
_aJab jab phool khile / _cby Mohd. Rafi [and] Nanda : Music by Kalyanji Anandji _h[sound recording] : _bHindustani |
||
| 246 | _aजब जब फूल खिले (मोहद.रफ़ी [एंड] नंदा) | ||
| 260 |
_aDum Dum, India _bHis Master's Voice _c1965 |
||
| 300 |
_a1 sound disc : _banalog, 33 1/3 rpm _c10 in. |
||
| 500 | G | _aBrief record | |
| 505 | _aSide-1 & Side-2 Ek tha gul or ek thi (एक था गुल और एक थी) | ||
| 650 |
_aClassical music _xExcerpts _zIndia _917813 |
||
| 700 |
_918219 _aNanda |
||
| 700 |
_918220 _aKalyanji Anandji |
||
| 942 |
_2ddc _cGR |
||
| 999 |
_c44548 _d44548 |
||